[Event "IV Miedzynarodowy Turniej Szachowy im. J"]
[Site "Lublin"]
[Date "2012.??.??"]
[Round "6.3"]
[White "Wojcieszyn, Jacenty"]
[Black "Czerw, Dawid"]
[Result "1-0"]
[WhiteElo "2250"]
[BlackElo "1853"]
[PlyCount "63"]
[EventDate "2012.??.??"]

1. d4 d5 2. Nf3 Nf6 3. c4 c6 4. Nc3 a6 5. cxd5 cxd5 6. Bf4 Nc6 7. Rc1 Bf5 8. e3
e6 9. Qb3 Qd7 10. Be2 Rc8 11. O-O Nh5 12. Ne5 Nxe5 13. Bxe5 Nf6 14. Na4 Rc6 15.
Nb6 Qd8 16. Rxc6 bxc6 17. Rc1 Be7 18. Rxc6 O-O 19. Bxa6 Nd7 20. Nxd7 Qxd7 21.
Rc7 Qd8 22. Qb7 Bh4 23. g3 Qg5 24. Bd6 Qh5 25. Qb5 Be4 26. Qe2 Bf3 27. Qc2 Be4
28. Bd3 Bxg3 29. fxg3 Qf3 30. Bxe4 Qxe3+ 31. Qf2 Qxe4 32. Bxf8 1-0

[Event "IV Miedzynarodowy Turniej Szachowy im. J"]
[Site "Lublin"]
[Date "2012.??.??"]
[Round "6.4"]
[White "Maka, Michal"]
[Black "Siedlanowski, Lukasz"]
[Result "1/2-1/2"]
[WhiteElo "2036"]
[BlackElo "1835"]
[PlyCount "51"]
[EventDate "2012.??.??"]

1. d4 d5 2. Nf3 c5 3. c3 Nc6 4. Bf4 Nf6 5. e3 Bg4 6. Nbd2 e6 7. Qa4 Nd7 8. Bb5
Qb6 9. Ne5 Ndxe5 10. Bxe5 Bf5 11. c4 f6 12. cxd5 exd5 13. dxc5 Bxc5 14. Bc3 O-O
15. O-O Ne5 16. Qf4 Bg6 17. Be2 Nd3 18. Bxd3 Bxd3 19. Rfe1 Bd6 20. Qd4 Qxd4 21.
Bxd4 Rac8 22. Rec1 b6 23. Rc3 Rxc3 24. Bxc3 Be5 25. Bxe5 fxe5 26. Rc1 1/2-1/2

[Event "IV Miedzynarodowy Turniej Szachowy im. J"]
[Site "Lublin"]
[Date "2012.??.??"]
[Round "6.5"]
[White "Wojcieszyn, Zdzislaw"]
[Black "Nowosad, Jan"]
[Result "1-0"]
[WhiteElo "1975"]
[BlackElo "1569"]
[PlyCount "39"]
[EventDate "2012.??.??"]

1. d4 d5 2. Nf3 Bf5 3. c4 Bxb1 4. Rxb1 e6 5. Qb3 c6 6. Qxb7 Nd7 7. Qxc6 Rc8 8.
Qa6 Rxc4 9. Qxa7 Bb4+ 10. Bd2 Qc8 11. Rd1 Bxd2+ 12. Nxd2 Rc2 13. Qa3 Ngf6 14.
e3 Qd8 15. Bd3 Rc8 16. O-O Qe7 17. Qxe7+ Kxe7 18. Rc1 Rxc1 19. Rxc1 Rb8 20. b3
1-0

[Event "IV Miedzynarodowy Turniej Szachowy im. J"]
[Site "Lublin"]
[Date "2012.??.??"]
[Round "6.6"]
[White "Krasowski, Piotr"]
[Black "Winiarski, Mikolaj"]
[Result "0-1"]
[WhiteElo "1800"]
[BlackElo "1955"]
[PlyCount "56"]
[EventDate "2012.??.??"]

1. e4 c5 2. Nc3 e6 3. f4 d5 4. e5 Nc6 5. Nf3 a6 6. Ne2 b5 7. d4 Bd7 8. c3 Qb6
9. Be3 c4 10. g4 h5 11. gxh5 Rxh5 12. Ng3 Rh8 13. Bg2 Nh6 14. Ng5 Be7 15. f5
Nxe5 16. fxe6 fxe6 17. Nh5 Nd3+ 18. Kd2 Nf5 19. Qg4 g6 20. Nh7 gxh5 21. Qg6+
Kd8 22. Bg5 Rxh7 23. Qxh7 Bxg5+ 24. Ke2 Qc7 25. Rhg1 Be3 26. Rgf1 Nf4+ 27. Kf3
e5 28. Qxf5 Bxf5 0-1

[Event "IV Miedzynarodowy Turniej Szachowy im. J"]
[Site "Lublin"]
[Date "2012.??.??"]
[Round "6.7"]
[White "Nowicki, Andrzej"]
[Black "Cymbala, Ireneusz"]
[Result "0-1"]
[WhiteElo "1820"]
[BlackElo "1910"]
[PlyCount "57"]
[EventDate "2012.??.??"]

1. e4 e6 2. d3 d5 3. Nd2 g6 4. g3 Bg7 5. Bg2 Ne7 6. Ngf3 c5 7. O-O O-O 8. c3
Nbc6 9. Qc2 Qc7 10. Nb3 b6 11. Be3 a5 12. a4 Ba6 13. Rfe1 Rfd8 14. d4 dxe4 15.
Qxe4 Bb7 16. dxc5 Ne5 17. cxb6 Qb8 18. Qc2 Nxf3+ 19. Bxf3 Bxf3 20. c4 Nc6 21.
Nd2 Nb4 22. Qb1 Bc6 23. c5 Qb7 24. f4 Rd7 25. Nc4 Be4 26. Qc1 Nd3 27. Qd2 Nxc5
28. Bxc5 Rxd2 29. Nxd2 0-1

[Event "IV Miedzynarodowy Turniej Szachowy im. J"]
[Site "Lublin"]
[Date "2012.??.??"]
[Round "6.10"]
[White "Topolan, Pawel"]
[Black "Pikulinski, Janusz"]
[Result "0-1"]
[WhiteElo "1335"]
[BlackElo "2063"]
[PlyCount "58"]
[EventDate "2012.??.??"]

1. e4 e5 2. Nf3 Nc6 3. Bb5 a6 4. Ba4 d6 5. c3 Be7 6. d3 b5 7. Bb3 Nf6 8. Nbd2
Na5 9. Bc2 c5 10. Nf1 O-O 11. Ng3 Nc6 12. O-O Bg4 13. h3 Be6 14. Be3 Rc8 15.
Qd2 d5 16. d4 exd4 17. cxd4 dxe4 18. Nxe4 cxd4 19. Nxd4 Nxd4 20. Bxd4 Rxc2 21.
Qxc2 Qxd4 22. Nxf6+ Bxf6 23. Rab1 Bxa2 24. Ra1 Bc4 25. Rfd1 Qxb2 26. Qxb2 Bxb2
27. Rxa6 Rb8 28. Rb6 Re8 29. Rbd6 Bf6 0-1

[Event "IV Miedzynarodowy Turniej Szachowy im. J"]
[Site "Lublin"]
[Date "2012.??.??"]
[Round "6.13"]
[White "Greszeta, Robert"]
[Black "Chlewinski, Artur"]
[Result "0-1"]
[WhiteElo "1602"]
[BlackElo "1704"]
[PlyCount "76"]
[EventDate "2012.??.??"]

1. d4 d5 2. c4 c6 3. Nf3 Nf6 4. Nc3 e6 5. Bg5 Be7 6. e3 Nbd7 7. Bxf6 Bxf6 8.
Bd3 dxc4 9. Bxc4 b5 10. Bd3 Bb7 11. O-O b4 12. Ne4 Be7 13. Rc1 a5 14. b3 Rc8
15. Qe2 O-O 16. Rfd1 Nb6 17. Qc2 Nd5 18. Nc5 Ba8 19. Bxh7+ Kh8 20. Bd3 g5 21.
Qe2 Nc3 22. Rxc3 bxc3 23. Ne5 Bxc5 24. Qh5+ Kg7 25. Qh7+ Kf6 26. Qh6+ Ke7 27.
Qxg5+ Ke8 28. Qxd8+ Rxd8 29. dxc5 Rd5 30. Nc4 Rxc5 31. Rc1 Ke7 32. Rxc3 f5 33.
Rc1 Bb7 34. Re1 Ba6 35. f3 Rb8 36. Rb1 a4 37. Nb2 Bxd3 38. Nxd3 Rd5 0-1

[Event "IV Miedzynarodowy Turniej Szachowy im. J"]
[Site "Lublin"]
[Date "2012.??.??"]
[Round "6.14"]
[White "Bednarczyk, Katarzyna"]
[Black "Fraczek, Weronika"]
[Result "0-1"]
[WhiteElo "1379"]
[BlackElo "1303"]
[PlyCount "60"]
[EventDate "2012.??.??"]

1. e4 e6 2. d4 d5 3. Nc3 Nf6 4. Bg5 Be7 5. e5 Nfd7 6. Bxe7 Qxe7 7. Nf3 a6 8.
Bd3 c5 9. b3 Nc6 10. a3 cxd4 11. Ne2 Ndxe5 12. Nexd4 Nxd4 13. Nxe5 Nc6 14. Nf3
Qf6 15. O-O O-O 16. Re1 Kh8 17. Qd2 h6 18. Qe3 Bd7 19. Rac1 Rab8 20. c3 Ne7 21.
Ne5 Bc6 22. Qh3 Ng8 23. Re3 Qe7 24. b4 Nf6 25. Bg6 Be8 26. Bd3 Rc8 27. g4 Nd7
28. Nf3 f6 29. g5 fxg5 30. Kg2 Rf6 0-1

[Event "IV Miedzynarodowy Turniej Szachowy im. J"]
[Site "Lublin"]
[Date "2012.??.??"]
[Round "8.1"]
[White "Krzyzanowski, Wojciech"]
[Black "Stoma, Pawel"]
[Result "1/2-1/2"]
[WhiteElo "1981"]
[BlackElo "2304"]
[PlyCount "52"]
[EventDate "2012.??.??"]

1. d4 d5 2. Nf3 Nf6 3. c4 c6 4. Nc3 a6 5. cxd5 cxd5 6. Bf4 Nc6 7. e3 Bf5 8. Bd3
Bxd3 9. Qxd3 e6 10. O-O Bd6 11. Bxd6 Qxd6 12. Rac1 O-O 13. a3 Na5 14. Ne5 b5
15. a4 b4 16. Nb1 Rfc8 17. Nd2 Nd7 18. Rxc8+ Rxc8 19. Nxd7 Qxd7 20. Qxa6 Qc7
21. Nf3 Nb3 22. Ne5 g6 23. g3 Nd2 24. Re1 Kg7 25. Rd1 Nb3 26. Kg2 Qc2 1/2-1/2

[Event "IV Miedzynarodowy Turniej Szachowy im. J"]
[Site "Lublin"]
[Date "2012.??.??"]
[Round "8.2"]
[White "Winiarski, Mikolaj"]
[Black "Polkowski, Piotr"]
[Result "1/2-1/2"]
[WhiteElo "1955"]
[BlackElo "2165"]
[PlyCount "103"]
[EventDate "2012.??.??"]

1. d4 d5 2. c4 c6 3. Nc3 Nf6 4. Bg5 e6 5. Nf3 Be7 6. e3 Nbd7 7. a3 a6 8. Rc1
O-O 9. h3 dxc4 10. Bxc4 b5 11. Ba2 c5 12. O-O Bb7 13. Ne5 Nxe5 14. dxe5 Nd7 15.
Bxe7 Qxe7 16. f4 c4 17. Bb1 Nc5 18. Ne2 Rad8 19. Nd4 f6 20. Qh5 g6 21. Qh4 Rd7
22. exf6 Qxf6 23. Qxf6 Rxf6 24. g4 e5 25. fxe5 Rxf1+ 26. Kxf1 Re7 27. e6 Bd5
28. Ke2 Bxe6 29. Nxe6 Rxe6 30. Rd1 Kf7 31. Rd5 Na4 32. Rd7+ Re7 33. Rd6 Nxb2
34. Rxa6 Na4 35. Bc2 Nc3+ 36. Kd2 Nd5 37. e4 Nf4 38. Ke3 Nxh3 39. Rb6 Ra7 40.
Rxb5 Rxa3+ 41. Kd4 Rg3 42. Kxc4 Rxg4 43. Kd5 Nf4+ 44. Kd6 Rg2 45. Bb3+ Kg7 46.
Rb7+ Kh6 47. e5 Rd2+ 48. Ke7 Kg5 49. e6 h5 50. Kf7 Nxe6 51. Bxe6 Kh6 52. Kf6
1/2-1/2

[Event "IV Miedzynarodowy Turniej Szachowy im. J"]
[Site "Lublin"]
[Date "2012.??.??"]
[Round "8.3"]
[White "Praszak, Michal"]
[Black "Wojcieszyn, Zdzislaw"]
[Result "1-0"]
[WhiteElo "2148"]
[BlackElo "1975"]
[PlyCount "45"]
[EventDate "2012.??.??"]

1. d4 d5 2. c4 c6 3. Nf3 Nf6 4. Qc2 e6 5. Bg5 Nbd7 6. Nbd2 Bd6 7. e3 O-O 8. Bd3
h6 9. Bh4 dxc4 10. Nxc4 Bc7 11. O-O g5 12. Bg3 Nd5 13. a3 Bxg3 14. hxg3 N5b6
15. Rfd1 Nxc4 16. Bxc4 Qf6 17. e4 Nb6 18. Ba2 Kg7 19. Rac1 Rd8 20. Bb1 Rh8 21.
a4 Nd7 22. d5 e5 23. dxc6 1-0

[Event "IV Miedzynarodowy Turniej Szachowy im. J"]
[Site "Lublin"]
[Date "2012.??.??"]
[Round "8.4"]
[White "Siedlanowski, Lukasz"]
[Black "Czerw, Dawid"]
[Result "1/2-1/2"]
[WhiteElo "1835"]
[BlackElo "1853"]
[PlyCount "30"]
[EventDate "2012.??.??"]

1. e4 e6 2. d4 d5 3. Nd2 Be7 4. c3 c5 5. dxc5 Bxc5 6. Nb3 Bb6 7. exd5 Nf6 8.
Bb5+ Bd7 9. Bd3 Nxd5 10. Nf3 h6 11. O-O Nc6 12. c4 Nf6 13. Bd2 O-O 14. Bc3 Re8
15. Re1 a5 1/2-1/2

[Event "IV Miedzynarodowy Turniej Szachowy im. J"]
[Site "Lublin"]
[Date "2012.??.??"]
[Round "8.5"]
[White "Wojcieszyn, Jacenty"]
[Black "Pikulinski, Janusz"]
[Result "1-0"]
[WhiteElo "2250"]
[BlackElo "2063"]
[PlyCount "65"]
[EventDate "2012.??.??"]

1. d4 Nf6 2. Nf3 d5 3. c4 e6 4. Nc3 Be7 5. Bg5 O-O 6. e3 c6 7. Qc2 Nbd7 8. a3
dxc4 9. Bxc4 b5 10. Bd3 h6 11. Bh4 a6 12. Rd1 Bb7 13. O-O Re8 14. Ne4 Nxe4 15.
Bxe7 Qxe7 16. Bxe4 f5 17. Bd3 c5 18. Qe2 c4 19. Bc2 Nf6 20. Ne5 g5 21. f3 Kg7
22. g3 Rad8 23. e4 fxe4 24. fxe4 Rf8 25. Rf2 Nd7 26. Rxf8 Rxf8 27. Nxd7 Qxd7
28. d5 exd5 29. exd5 Re8 30. Qf2 Qf7 31. Bf5 Bxd5 32. Qd4+ Kg8 33. Qxd5 1-0

[Event "IV Miedzynarodowy Turniej Szachowy im. J"]
[Site "Lublin"]
[Date "2012.??.??"]
[Round "8.6"]
[White "Maka, Michal"]
[Black "Nowicki, Andrzej"]
[Result "1-0"]
[WhiteElo "2036"]
[BlackElo "1820"]
[PlyCount "93"]
[EventDate "2012.??.??"]

1. d4 d5 2. Nf3 e6 3. Bf4 c6 4. e3 f5 5. Ne5 Nf6 6. Be2 Be7 7. Nd2 O-O 8. g4
Ne4 9. gxf5 exf5 10. Rg1 Bh4 11. Bg3 Bxg3 12. hxg3 Nd7 13. Nd3 Ndf6 14. Nf3 Be6
15. Nfe5 Qe7 16. c3 Rac8 17. Qc2 b6 18. O-O-O c5 19. f3 Nd6 20. Rh1 cxd4 21.
exd4 Nc4 22. Nxc4 dxc4 23. Ne5 b5 24. Rde1 g6 25. Bd1 Rce8 26. Qd2 Qg7 27. Qg5
Nd7 28. Nc6 Nf6 29. Rh6 Bd5 30. Ne5 Re7 31. Reh1 Rfe8 32. R1h2 Bf7 33. Bc2 Re6
34. g4 fxg4 35. fxg4 R8e7 36. b3 Rc7 37. Kb2 Be8 38. Qf4 Nd5 39. Qf3 Nf6 40.
bxc4 bxc4 41. g5 Rb6+ 42. Kc1 Nh5 43. Qd5+ Kf8 44. Rf2+ Rf6 45. gxf6 Qxh6+ 46.
Kb2 Qe3 47. Rf3 1-0

[Event "IV Miedzynarodowy Turniej Szachowy im. J"]
[Site "Lublin"]
[Date "2012.??.??"]
[Round "8.7"]
[White "Cymbala, Ireneusz"]
[Black "Krasowski, Piotr"]
[Result "0-1"]
[WhiteElo "1910"]
[BlackElo "1800"]
[PlyCount "71"]
[EventDate "2012.??.??"]

1. e4 e6 2. d4 d5 3. e5 c5 4. c3 Nc6 5. Be3 Qb6 6. Qd2 Nh6 7. dxc5 Bxc5 8. Bxh6
gxh6 9. Nf3 Bd7 10. Bd3 Qc7 11. Qf4 O-O-O 12. b4 f6 13. bxc5 fxe5 14. Qxh6 e4
15. Nd4 exd3 16. O-O Nxd4 17. cxd4 e5 18. dxe5 Qxe5 19. Nd2 Rhg8 20. Nf3 Qf5
21. Kh1 Rxg2 22. Nd4 Qg6 23. Qxg6 Rxg6 24. Nf3 Bh3 25. Rg1 Rdg8 26. Rxg6 Rxg6
27. Rg1 Kc7 28. Rg3 Bf5 29. Kg1 Be4 30. Nd2 Kc6 31. f3 Bf5 32. Rxg6+ Bxg6 33.
Nb3 Kb5 34. Kf2 a5 35. Ke3 a4 36. Nd4+ 0-1

[Event "IV Miedzynarodowy Turniej Szachowy im. J"]
[Site "Lublin"]
[Date "2012.??.??"]
[Round "8.8"]
[White "Chlewinski, Artur"]
[Black "Rokita, Miroslaw"]
[Result "0-1"]
[WhiteElo "1704"]
[BlackElo "1787"]
[PlyCount "98"]
[EventDate "2012.??.??"]

1. e4 c5 2. Nf3 e6 3. d4 cxd4 4. Nxd4 a6 5. Be3 Nc6 6. Bc4 Nf6 7. Nc3 Qc7 8. a3
b5 9. Bd3 Bb7 10. Nxc6 dxc6 11. f3 c5 12. O-O Rd8 13. Qe1 c4 14. Be2 Bc5 15.
Qf2 Bxe3 16. Qxe3 O-O 17. f4 Rd7 18. Rad1 Rfd8 19. Rxd7 Rxd7 20. g4 h6 21. h4
Kh7 22. g5 Ng8 23. h5 Ne7 24. Bg4 Qc6 25. gxh6 gxh6 26. f5 exf5 27. Bxf5+ Nxf5
28. Rxf5 Qe6 29. Qf4 Kg7 30. e5 Qc6 31. Qg3+ Kh7 32. Rf6 Qh1+ 33. Kf2 Qxh5 34.
Ke3 Qh1 35. Ne2 Be4 36. Nd4 Bxc2 37. Qg4 Qc1+ 38. Kf2 Qd2+ 39. Ne2 Bg6 40. e6
Qd6 41. exd7 Qxf6+ 42. Qf3 Qd6 43. Qg4 Qh2+ 44. Qg2 Qh4+ 45. Qg3 Qf6+ 46. Qf4
Qd8 47. Qd4 Bf5 48. Ng3 Qxd7 49. Qf4 Bg6 0-1

[Event "IV Miedzynarodowy Turniej Szachowy im. J"]
[Site "Lublin"]
[Date "2012.??.??"]
[Round "8.12"]
[White "Topolan, Agata"]
[Black "Paluch, Andrzej"]
[Result "1-0"]
[WhiteElo "1430"]
[BlackElo "1569"]
[PlyCount "115"]
[EventDate "2012.??.??"]

1. e4 c6 2. d4 d5 3. exd5 cxd5 4. Bd3 Nf6 5. Nf3 e6 6. O-O Nc6 7. c3 Be7 8. Bf4
O-O 9. Nbd2 a5 10. Qc2 g6 11. h3 b6 12. Bh6 Re8 13. Ne5 Nxe5 14. dxe5 Nd7 15.
f4 Ba6 16. Rf3 Bxd3 17. Qxd3 Qc7 18. g4 Rac8 19. Rg3 Red8 20. Nf3 Nc5 21. Qc2
Ne4 22. Rg2 Qc5+ 23. Kh2 b5 24. Nd4 Qc4 25. f5 Bg5 26. Bxg5 Nxg5 27. h4 Ne4 28.
fxe6 fxe6 29. Nxe6 Re8 30. Nd4 Rxe5 31. Qb3 Nd6 32. Qa3 Qc7 33. Qb3 Qc4 34.
Qxc4 dxc4 35. Rd1 b4 36. cxb4 axb4 37. Nc2 b3 38. Rxd6 bxc2 39. Rxc2 Re4 40.
Kg3 Rf8 41. Rd5 Rff4 42. Rg5 Kf7 43. h5 Kf6 44. Kh4 gxh5 45. Kxh5 Rf3 46. Rh2
Ree3 47. Kh4 Re4 48. Rg8 Kf7 49. Rg5 Kf6 50. a4 c3 51. a5 cxb2 52. Rxb2 Ra3 53.
Rb6+ Re6 54. Rf5+ Ke7 55. Rb7+ Kd6 56. Rxh7 Ra4 57. Kh5 Ree4 58. Rg7 1-0

[Event "IV Miedzynarodowy Turniej Szachowy im. J"]
[Site "Lublin"]
[Date "2012.??.??"]
[Round "8.13"]
[White "Wroblewski, Mieczyslaw"]
[Black "Fraczek, Weronika"]
[Result "1-0"]
[WhiteElo "1821"]
[BlackElo "1303"]
[PlyCount "53"]
[EventDate "2012.??.??"]

1. e4 e6 2. d4 d5 3. exd5 exd5 4. c4 c6 5. Nf3 Be6 6. Qb3 Qc8 7. Be2 Nf6 8. O-O
Be7 9. Nc3 O-O 10. Ng5 dxc4 11. Bxc4 Bxc4 12. Qxc4 h6 13. Re1 Bd6 14. Nge4 Nxe4
15. Nxe4 Qc7 16. h3 Bf4 17. Bxf4 Qxf4 18. Re3 Nd7 19. Rae1 Nb6 20. Qb3 Qc7 21.
Nc3 Rad8 22. Re7 Rd7 23. Qb4 Nc8 24. Re8 Rd8 25. Qxf8+ Kh7 26. Rxd8 Nb6 27. Re7
1-0

[Event "IV Miedzynarodowy Turniej Szachowy im. J"]
[Site "Lublin"]
[Date "2012.??.??"]
[Round "9.1"]
[White "Stoma, Pawel"]
[Black "Winiarski, Mikolaj"]
[Result "1-0"]
[WhiteElo "2304"]
[BlackElo "1955"]
[PlyCount "33"]
[EventDate "2012.??.??"]

1. e4 d5 2. exd5 Qxd5 3. Nc3 Qa5 4. d4 Nf6 5. Bc4 Nc6 6. Be3 Bf5 7. Nf3 O-O-O
8. Ng5 Qb4 9. Bb3 Nxd4 10. a3 Nxc2+ 11. Qxc2 Bxc2 12. Be6+ fxe6 13. axb4 Re8
14. Rxa7 Bb3 15. f4 Nd5 16. Nxd5 exd5 17. Nf7 1-0

[Event "IV Miedzynarodowy Turniej Szachowy im. J"]
[Site "Lublin"]
[Date "2012.??.??"]
[Round "9.2"]
[White "Praszak, Michal"]
[Black "Krzyzanowski, Wojciech"]
[Result "1-0"]
[WhiteElo "2148"]
[BlackElo "1981"]
[PlyCount "141"]
[EventDate "2012.??.??"]

1. d4 Nf6 2. c4 e6 3. g3 d5 4. Bg2 Be7 5. Nf3 Nbd7 6. O-O O-O 7. Qd3 c6 8. Nc3
a6 9. Bf4 Nh5 10. Bd2 f5 11. Rac1 g5 12. Rfd1 g4 13. Ne5 Bd6 14. Bh6 Nxe5 15.
dxe5 Bxe5 16. Bxf8 Qxf8 17. cxd5 Bxc3 18. Qxc3 exd5 19. Rxd5 Be6 20. Re5 Qf7
21. b3 Rf8 22. e3 Nf6 23. Qb4 Nd5 24. Qd6 Re8 25. Rd1 Nc7 26. e4 Nb5 27. Qc5
Rf8 28. exf5 Bxf5 29. Rde1 Qf6 30. Qc4+ Kh8 31. Qf4 Nc7 32. Re7 Nd5 33. Bxd5
cxd5 34. Rxb7 d4 35. Qe5 Qxe5 36. Rxe5 Bg6 37. Rd7 d3 38. Red5 Rf3 39. Rd4 Rf6
40. Rxd3 Bxd3 41. Rxd3 Kg7 42. Rd4 h5 43. Rd5 Kg6 44. Re5 Rd6 45. Kf1 Rc6 46.
Ra5 Rc1+ 47. Kg2 Rc6 48. h3 Rf6 49. hxg4 hxg4 50. Re5 Kh6 51. Kf1 Rc6 52. Ke1
Kg6 53. Kd2 Rf6 54. Ke2 Rc6 55. Ra5 Re6+ 56. Kf1 Kf6 57. b4 Rb6 58. a3 Kg6 59.
Kg2 Rf6 60. a4 Rb6 61. b5 axb5 62. Rxb5 Ra6 63. a5 Kf7 64. Rg5 Kf6 65. Rh5 Kg6
66. Rd5 Kf6 67. Kf1 Rc6 68. Rb5 Rc2 69. Rb4 Ra2 70. Rxg4 Rxa5 71. Kg2 1-0

[Event "IV Miedzynarodowy Turniej Szachowy im. J"]
[Site "Lublin"]
[Date "2012.??.??"]
[Round "9.3"]
[White "Polkowski, Piotr"]
[Black "Maka, Michal"]
[Result "1-0"]
[WhiteElo "2165"]
[BlackElo "2036"]
[PlyCount "67"]
[EventDate "2012.??.??"]

1. e4 c5 2. c3 g6 3. d4 cxd4 4. cxd4 Bg7 5. Nc3 d6 6. Be3 Nf6 7. Nf3 O-O 8. Be2
Nc6 9. d5 Ne5 10. Nxe5 dxe5 11. f3 Bd7 12. Qb3 b6 13. O-O Rc8 14. Ba6 Rc7 15.
Rac1 Ne8 16. Nb5 Rxc1 17. Rxc1 Qb8 18. Qc4 Nd6 19. Nxd6 exd6 20. Qc7 Rd8 21.
Qxb8 Rxb8 22. Rc7 Be8 23. Rxa7 Bf6 24. Rb7 Rxb7 25. Bxb7 Bd8 26. Ba6 f5 27. Kf1
Kg7 28. Ke2 Kf6 29. Kd3 Bd7 30. Kc4 f4 31. Bf2 g5 32. Bb7 Ke7 33. Bc6 Bc8 34.
Kb5 1-0

[Event "IV Miedzynarodowy Turniej Szachowy im. J"]
[Site "Lublin"]
[Date "2012.??.??"]
[Round "9.4"]
[White "Wojcieszyn, Jacenty"]
[Black "Siedlanowski, Lukasz"]
[Result "1-0"]
[WhiteElo "2250"]
[BlackElo "1835"]
[PlyCount "31"]
[EventDate "2012.??.??"]

1. d4 d5 2. c4 e5 3. dxe5 d4 4. Nf3 Nc6 5. Nbd2 Nge7 6. Nb3 Nf5 7. a3 Be7 8. g3
O-O 9. h4 b6 10. g4 Nxh4 11. Rxh4 Bxh4 12. g5 f6 13. exf6 gxf6 14. Nxh4 fxg5
15. Nf3 g4 16. Nfxd4 1-0

[Event "IV Miedzynarodowy Turniej Szachowy im. J"]
[Site "Lublin"]
[Date "2012.??.??"]
[Round "9.5"]
[White "Krasowski, Piotr"]
[Black "Czerw, Dawid"]
[Result "0-1"]
[WhiteElo "1800"]
[BlackElo "1853"]
[PlyCount "124"]
[EventDate "2012.??.??"]

1. e4 e6 2. d4 d5 3. exd5 exd5 4. Nf3 Bd6 5. Bd3 Nf6 6. Qe2+ Qe7 7. Qxe7+ Kxe7
8. O-O h6 9. Nc3 c6 10. Nh4 Re8 11. Re1+ Kf8 12. Rxe8+ Nxe8 13. Bd2 Nf6 14. Re1
b6 15. Nf5 Bxf5 16. Bxf5 Na6 17. a3 Nc7 18. a4 Kg8 19. g3 g6 20. Bh3 Kg7 21. a5
b5 22. Kf1 Na6 23. Bg2 Rd8 24. h3 Nh7 25. Ne2 Re8 26. Nf4 Rxe1+ 27. Kxe1 Nb4
28. Kd1 g5 29. Nh5+ Kg6 30. g4 Nf6 31. Ng3 Na6 32. c3 Ng8 33. Nf5 Bc7 34. b4
Kf6 35. Bf1 Nb8 36. Bd3 Nd7 37. Ng3 Bxg3 38. fxg3 Ne7 39. Ke2 a6 40. Kf3 Nf8
41. Be3 Ne6 42. Bd2 Nd8 43. Be3 Nb7 44. h4 Nd6 45. hxg5+ hxg5 46. Bf2 Kg7 47.
Be3 Kh6 48. Bd2 Ng8 49. Be3 Nf6 50. Bd2 Nfe8 51. Bc1 Nf6 52. Bd2 Nfe4 53. Be1
Kg6 54. Bc2 Kf6 55. Bd3 Ke6 56. Bc2 Nc4 57. Bxe4 dxe4+ 58. Kxe4 Nd6+ 59. Kd3
Kd5 60. Bd2 Ne4 61. Be1 Nf6 62. Bd2 Nxg4 0-1

[Event "IV Miedzynarodowy Turniej Szachowy im. J"]
[Site "Lublin"]
[Date "2012.??.??"]
[Round "9.6"]
[White "Wojcieszyn, Zdzislaw"]
[Black "Cymbala, Ireneusz"]
[Result "0-1"]
[WhiteElo "1975"]
[BlackElo "1910"]
[PlyCount "83"]
[EventDate "2012.??.??"]

1. c4 Nf6 2. Nc3 d5 3. cxd5 Nxd5 4. Qb3 Nb6 5. g3 Be6 6. Qc2 g6 7. Bg2 c6 8.
Nf3 Bg7 9. O-O Na6 10. a3 Nc5 11. d3 Nb3 12. Rb1 Nxc1 13. Rfxc1 O-O 14. b4 Nd5
15. d4 Bf5 16. Ne4 Bh6 17. Nfd2 Kh8 18. e3 Qc8 19. Qb3 a6 20. a4 Qd8 21. Rb2
Nc7 22. Nc5 Rb8 23. a5 Nb5 24. Rd1 Bg4 25. Nf3 Bxf3 26. Bxf3 e6 27. Rc2 Bg7 28.
Qd3 Qe7 29. Qe4 Rbd8 30. Qg4 f5 31. Qh3 g5 32. Be2 Rf6 33. Qf1 f4 34. Qh3 Rdf8
35. Bd3 Rh6 36. Qg4 Nd6 37. Re1 Nf5 38. Kh1 Rff6 39. Rce2 fxg3 40. fxg3 Qc7 41.
Rg2 Qf7 42. Ne4 0-1

[Event "IV Miedzynarodowy Turniej Szachowy im. J"]
[Site "Lublin"]
[Date "2012.??.??"]
[Round "9.7"]
[White "Rokita, Miroslaw"]
[Black "Topolan, Pawel"]
[Result "1-0"]
[WhiteElo "1787"]
[BlackElo "1335"]
[PlyCount "54"]
[EventDate "2012.??.??"]

1. e4 c5 2. Nf3 Nc6 3. d4 cxd4 4. Nxd4 Nf6 5. Nc3 d6 6. Be2 e6 7. Be3 Be7 8.
Qd2 O-O 9. O-O-O a6 10. g4 Nxd4 11. Bxd4 e5 12. Be3 Be6 13. f3 b5 14. h4 Qa5
15. Kb1 b4 16. Nd5 Bxd5 17. exd5 Nd7 18. g5 Nc5 19. b3 Qc7 20. h5 a5 21. g6 a4
22. h6 fxg6 23. hxg7 Rfc8 24. Bxc5 Qxc5 25. Bc4 Qa5 26. Qh6 Rxc4 27. Qxh7+ Kf7
1-0

[Event "IV Miedzynarodowy Turniej Szachowy im. J"]
[Site "Lublin"]
[Date "2012.??.??"]
[Round "9.9"]
[White "Nowicki, Andrzej"]
[Black "Topolan, Agata"]
[Result "1-0"]
[WhiteElo "1820"]
[BlackElo "1430"]
[PlyCount "39"]
[EventDate "2012.??.??"]

1. e4 e5 2. Nc3 Nf6 3. Bc4 Bc5 4. d3 d6 5. Bg5 c6 6. Qf3 Nbd7 7. Nge2 O-O 8.
Ng3 h6 9. h4 Qb6 10. O-O-O Bd4 11. Nf5 Bxc3 12. bxc3 Qa5 13. Rh3 d5 14. Bb3 Nh7
15. Bxh6 gxh6 16. Rg3+ Ng5 17. Qh5 f6 18. Nxh6+ Kg7 19. Nf5+ Kg8 20. Qg6+ 1-0

[Event "IV Miedzynarodowy Turniej Szachowy im. J"]
[Site "Lublin"]
[Date "2012.??.??"]
[Round "9.11"]
[White "Nowosad, Jan"]
[Black "Wroblewski, Mieczyslaw"]
[Result "1-0"]
[WhiteElo "1569"]
[BlackElo "1821"]
[PlyCount "45"]
[EventDate "2012.??.??"]

1. e4 c5 2. Nf3 d6 3. d4 cxd4 4. Nxd4 Nf6 5. Nc3 a6 6. Bg5 e6 7. f4 Nbd7 8. Qf3
Qc7 9. O-O-O b5 10. g4 b4 11. Nce2 Nxe4 12. Qxe4 Nb6 13. Bg2 Rb8 14. Qc6+ Qd7
15. Rhe1 Be7 16. Qxd7+ Bxd7 17. Bxe7 Kxe7 18. Ng3 Rhc8 19. Ndf5+ Kf8 20. Nxd6
Rc5 21. Rd2 a5 22. Nge4 Rc7 23. Ng5 1-0

[Event "IV Miedzynarodowy Turniej Szachowy im. J"]
[Site "Lublin"]
[Date "2012.??.??"]
[Round "9.12"]
[White "Bednarczyk, Sylwester"]
[Black "Chlewinski, Artur"]
[Result "1/2-1/2"]
[WhiteElo "1494"]
[BlackElo "1704"]
[PlyCount "79"]
[EventDate "2012.??.??"]

1. e4 e6 2. d4 d5 3. Nd2 Nf6 4. exd5 exd5 5. Bd3 Nc6 6. Ngf3 Bd6 7. O-O Bg4 8.
Re1+ Ne7 9. c3 c6 10. Nf1 Qc7 11. h3 Bh5 12. Bg5 Nd7 13. Bxe7 Bxe7 14. Qe2 Nf6
15. Ng3 Bg6 16. Nf5 Bxf5 17. Bxf5 Kf8 18. Ne5 Re8 19. h4 Bd6 20. Rad1 g6 21.
Bh3 Kg7 22. Rd3 Nh5 23. Re3 f5 24. Bxf5 Nf4 25. Qg4 Rhf8 26. Bc2 c5 27. Qd7+
Qxd7 28. Nxd7 Rxe3 29. fxe3 Rf7 30. Nxc5 Re7 31. Nd3 Nh5 32. Bb3 Bg3 33. Re2
Bxh4 34. Bxd5 Ng3 35. Re1 Nf5 36. Nf2 Nxe3 37. Bf3 Kf6 38. Ng4+ Nxg4 39. Rxe7
Kxe7 40. Bxg4 1/2-1/2